000 00792nam a2200253Ia 4500
003 OSt
005 20221005092458.0
006 a|||||r|||| 00| 0
007 ta
008 221004b |||||||| |||| 00| 0 eng d
020 _a9780815394396 (pbk)
_cUKP 29.99
024 _a43979
037 _b1617, 23/01/2019, Bright Book Service
_cTextual
040 _aCRL
_cCRL
_beng
041 _2eng
_aeng
082 _aS:86, Q9
100 _aThompson Neil Au.
_9599010
245 0 _aMental health and well being
_b alternatives to the medical model
260 _aNew York
_bRoutledge USA
_c2019
300 _axx,225p.
_ccm.
650 _aMENTAL ILLNESS
_933226
942 _hS:86, Q9
_cTEXL
_2cc
999 _c998912
_d998912